<?xml version="1.0" encoding="UTF-8"?>
<record
    xmlns:xsi="http://www.w3.org/2001/XMLSchema-instance"
    xsi:schemaLocation="http://www.loc.gov/MARC21/slim http://www.loc.gov/standards/marcxml/schema/MARC21slim.xsd"
    xmlns="http://www.loc.gov/MARC21/slim">

  <leader>00510nam a22001697a 4500</leader>
  <controlfield tag="008">230605b        |||||||| |||| 00| 0 eng d</controlfield>
  <datafield tag="040" ind1=" " ind2=" ">
    <subfield code="a">National Science Library</subfield>
    <subfield code="c">National Science Library</subfield>
  </datafield>
  <datafield tag="080" ind1=" " ind2=" ">
    <subfield code="a">R 803.989(038)</subfield>
    <subfield code="b">J4.1</subfield>
  </datafield>
  <datafield tag="100" ind1=" " ind2=" ">
    <subfield code="a">Uldall, H J</subfield>
  </datafield>
  <datafield tag="245" ind1=" " ind2=" ">
    <subfield code="a">Dansk- engelsk ordbog</subfield>
    <subfield code="c">/ Gyldendalske Boghandel</subfield>
  </datafield>
  <datafield tag="260" ind1=" " ind2=" ">
    <subfield code="a">Berlin: </subfield>
    <subfield code="b">Gyldendalske Boghandel,  </subfield>
    <subfield code="c">1954</subfield>
  </datafield>
  <datafield tag="300" ind1=" " ind2=" ">
    <subfield code="a">936p.</subfield>
  </datafield>
  <datafield tag="500" ind1=" " ind2=" ">
    <subfield code="a">Vol. 1 (A-Motrik)
Vol. 2 (N-O)</subfield>
  </datafield>
  <datafield tag="650" ind1=" " ind2=" ">
    <subfield code="a">Language</subfield>
  </datafield>
  <datafield tag="653" ind1=" " ind2=" ">
    <subfield code="a">Dictionaries</subfield>
  </datafield>
  <datafield tag="942" ind1=" " ind2=" ">
    <subfield code="2">udc</subfield>
    <subfield code="c">PR</subfield>
  </datafield>
  <datafield tag="999" ind1=" " ind2=" ">
    <subfield code="c">39079</subfield>
    <subfield code="d">39079</subfield>
  </datafield>
  <datafield tag="952" ind1=" " ind2=" ">
    <subfield code="0">0</subfield>
    <subfield code="1">0</subfield>
    <subfield code="2">udc</subfield>
    <subfield code="4">0</subfield>
    <subfield code="6">R_803989038_J41</subfield>
    <subfield code="7">0</subfield>
    <subfield code="9">58774</subfield>
    <subfield code="a">NSL</subfield>
    <subfield code="b">NSL</subfield>
    <subfield code="c">GF/Rk-23/C-5/R-2</subfield>
    <subfield code="d">1960-08-18</subfield>
    <subfield code="h">Vol. 1 (A-Motrik)</subfield>
    <subfield code="l">0</subfield>
    <subfield code="o">R 803.989(038) J4.1</subfield>
    <subfield code="p">2158</subfield>
    <subfield code="r">2023-06-05 00:00:00</subfield>
    <subfield code="w">1960-08-18</subfield>
    <subfield code="y">PR</subfield>
  </datafield>
  <datafield tag="952" ind1=" " ind2=" ">
    <subfield code="0">0</subfield>
    <subfield code="1">0</subfield>
    <subfield code="2">udc</subfield>
    <subfield code="4">0</subfield>
    <subfield code="6">R_803989038_J42</subfield>
    <subfield code="7">0</subfield>
    <subfield code="9">58777</subfield>
    <subfield code="a">NSL</subfield>
    <subfield code="b">NSL</subfield>
    <subfield code="c">GF/Rk-23/C-5/R-2</subfield>
    <subfield code="d">1960-08-18</subfield>
    <subfield code="h">Vol. 2 (N-O)</subfield>
    <subfield code="l">0</subfield>
    <subfield code="o">R 803.989(038) J4.2</subfield>
    <subfield code="p">2159</subfield>
    <subfield code="r">2023-06-05 00:00:00</subfield>
    <subfield code="w">1960-08-18</subfield>
    <subfield code="y">PR</subfield>
  </datafield>
</record>
